000 00800nam a2200265Ia 4500
003 OSt
005 20220927110911.0
006 a|||||r|||| 00| 0
007 ta
008 220926b |||||||| |||| 00| 0 eng d
024 _a71731
037 _cReports
040 _aRTL
_cRTL
_beng
041 _2eng
_aeng
082 _a"X90aYp1,N64, K5/UN"
110 _aINTERREGIONAL SEMMINAR ON SOCIAL ASPECTS OF INDUSTRIALIZATION
_9380886
245 0 _aReport
260 _aNew
_bYork United United U.S.A.
_c1965
300 _a"v, 80p."
_ccm.
500 _a"United Nation, publication"
650 _aEconomics-Industry
700 _aINTERREGIONAL SEMMINAR ON SOCIAL ASPECTS OF INDUSTRIALIZATION
_9380887
942 _h"X90aYp1,N64, K5/UN"
_cCC
999 _c698328
_d698328